000 00692nam a2200193Ia 4500
008 151121s9999||||xx |||||||||||||| ||und||
082 _a787/भट्ट
082 _bHNW-58553
100 _aभट्ट विश्वम्मरनाथ
245 _aसितार-शिक्षा
260 _b"संगीत कार्यालय, हाथरस,उत्तरप्रदेश"
260 _c--
300 _a164
600 _aभट्ट विश्वम्मरनाथ
630 _aसितार-शिक्षा
700 _aभट्ट विश्वम्मरनाथ
730 _aसितार-शिक्षा
942 _cBOOK
999 _c1240366
_d1240363